西武鉄道の種別 - Statistics

General Stats
  • This quiz has been taken 81 times
  • The average score is 9 of 10
Answer Stats
Hint Answer % Correct
全線 各駅停車
100%
池袋線、西武秩父線、新宿線、(狭山線) 特急
100%
池袋線、西武有楽町線、(狭山線) 快速
99%
池袋線、新宿線、拝島線、狭山線、西武有楽町線 準急
97%
池袋線、新宿線、拝島線、(狭山線)、(多摩湖線) 急行
97%
池袋線、西武有楽町線、新宿線 快速急行
90%
池袋線、新宿線 通勤急行
83%
池袋線 通勤準急
77%
新宿線、拝島線 拝島ライナー
77%
池袋線、西武有楽町線、西武秩父線 S-TRAIN
69%
No matching quizzes found
Score Distribution
Percent of People with Each Score
Percentile by Number Answered
Your Score History
You have not taken this quiz